<?xml version="1.0" encoding="UTF-8"?>
<collection xmlns="http://www.loc.gov/MARC21/slim">
 <record>
  <leader>02142nab a2200205 i 4500</leader>
  <controlfield tag="001">misc46500</controlfield>
  <controlfield tag="005">20191126085356.0</controlfield>
  <controlfield tag="008">191126s2019    hu      o     0||   zxx d</controlfield>
  <datafield tag="022" ind1=" " ind2=" ">
   <subfield code="a">1215-5233</subfield>
  </datafield>
  <datafield tag="024" ind1="7" ind2=" ">
   <subfield code="a">10.14232/ISKKULT.2019.2-3.3</subfield>
   <subfield code="2">doi</subfield>
  </datafield>
  <datafield tag="040" ind1=" " ind2=" ">
   <subfield code="a">SZTE Miscellanea Repozitórium</subfield>
   <subfield code="b">hun</subfield>
  </datafield>
  <datafield tag="041" ind1=" " ind2=" ">
   <subfield code="a">zxx</subfield>
  </datafield>
  <datafield tag="100" ind1="1" ind2=" ">
   <subfield code="a">Józsa Gabriella</subfield>
  </datafield>
  <datafield tag="245" ind1="1" ind2="0">
   <subfield code="a">Lemorzsolódási rizikófaktorok a felvételi adatbázis alapján</subfield>
   <subfield code="h">[elektronikus dokumentum] /</subfield>
   <subfield code="c"> Józsa Gabriella</subfield>
  </datafield>
  <datafield tag="260" ind1=" " ind2=" ">
   <subfield code="a">Szegedi Tudományegyetem, Bölcsészet- és Társadalomtudományi Kar</subfield>
   <subfield code="b">Szeged</subfield>
   <subfield code="c">2019</subfield>
  </datafield>
  <datafield tag="300" ind1=" " ind2=" ">
   <subfield code="a">3-21</subfield>
  </datafield>
  <datafield tag="490" ind1="0" ind2=" ">
   <subfield code="a">Iskolakultúra</subfield>
   <subfield code="v">29 No. 2-3</subfield>
  </datafield>
  <datafield tag="520" ind1="3" ind2=" ">
   <subfield code="a">A felsőoktatás átalakulásával a hallgatói társadalom is átalakult. Az eddig szűk rekrutációs bázisra épülő egyetemek kapui széles társadalmi rétegek számára nyíltak meg. A hallgatói összetétel heterogenitásával megjelent a lemorzsolódás jelensége, ami nem csak a felsőoktatást és Magyarországot érinti, hanem a közoktatást és szinte az egész világot. Számos szerző hangsúlyozza az első egyetemi év jelentőségét (Horn, 1998), hiszen ekkor szocializálódik az egyén az egyetem világába, alakítja ki kapcsolatait a hallgatótársakkal, az oktatókkal és az intézmény egészével (Pusztai, 2011). Továbbá ekkor derülnek ki, hogy a meglévő tanulási módszerek, képességek és anyagi ráfordítások milyen mértékben elegendőek a bennmaradáshoz. Munkámban arra keresem a választ, hogy a továbbtanulás előtt álló középfokú szakképzésbe járó hallgatók körében milyen korai lemorzsolódáshoz vezető kockázati faktorok azonosíthatók, és ezek mennyiben különböznek a gimnáziumból jelentkezőktől. A 2016-os és 2017-es felvételi adatbázisok Dél-Alföld régiójában található középiskolákból jelentkező tanulókat vizsgáltam. Az eredmények azt mutatják, hogy nem minden rizikófaktor tekintetében lehet egyértelműen beazonosítani az intézményi különbséget.</subfield>
  </datafield>
  <datafield tag="695" ind1=" " ind2=" ">
   <subfield code="a">Felsőoktatás, Pedagógia</subfield>
  </datafield>
  <datafield tag="856" ind1="4" ind2="0">
   <subfield code="u">http://misc.bibl.u-szeged.hu/46500/1/iskolakultura_2019_002_003_003-021.pdf</subfield>
   <subfield code="z">Dokumentum-elérés </subfield>
  </datafield>
 </record>
</collection>
